Score 0/10 Timer 02:30
1 Play Today
% Correct
Batman
95.5%
Superman
94.9%
Spider-Man
94.9%
Hulk
94.6%
Captain America
94.2%
Wonder Woman
93.9%
Iron Man
92.5%
The Flash
92.1%
Deadpool
85.3%
Wolverine
84.7%
Remove Ads.
Support Sporcle.
Get the best of Sporcle when you Go Orange. This ad-free experience offers more features, more stats, and more fun while also helping to support Sporcle. Thank you for becoming a member.

You're not logged in!

Compare scores with friends on all Sporcle quizzes.
OR
Log In

Show Comments

Extras

Top Quizzes Today


Score Distribution

Your Account Isn't Verified!

In order to create a playlist on Sporcle, you need to verify the email address you used during registration. Go to your Sporcle Settings to finish the process.

Report this User

Report this user for behavior that violates our Community Guidelines.

Details: